|
|
|
|
| LEADER |
00000nam0a2200000 4500 |
| 001 |
129800 |
| 005 |
20231031133716.0 |
| 035 |
|
|
|a (RuTPU)RU\TPU\book\140511
|
| 035 |
|
|
|a RU\TPU\book\140509
|
| 090 |
|
|
|a 129800
|
| 100 |
|
|
|a 20080128d1991 k y0rusy50 ca
|
| 101 |
0 |
|
|a rus
|
| 102 |
|
|
|a RU
|
| 105 |
|
|
|a a b 000zy
|
| 200 |
1 |
|
|a Оборудование для целлюлозно-бумажного производства
|e каталог
|f Центральный институт научно-технической информации и технико-экономических исследований по химическому и нефтяному машиностроению (ЦИНТИХИМНЕФТЕМАШ) ; сост. Л. И. Махов, А. И. Кондратьев, Н. Н. Саламатова
|h Книга 2
|
| 210 |
|
|
|a Москва
|c ЦИНТИХИМНЕФТЕМАШ
|d 1991
|
| 215 |
|
|
|a 72 с.
|c ил.
|
| 610 |
1 |
|
|a каталоги
|
| 610 |
1 |
|
|a целлюлозное производство
|
| 610 |
1 |
|
|a целлюлозно-бумажное производство
|
| 610 |
1 |
|
|a древесное сырье
|
| 610 |
1 |
|
|a сортировка
|
| 610 |
1 |
|
|a бассейны
|
| 610 |
1 |
|
|a технические характеристики
|
| 610 |
1 |
|
|a заводы-изготовители
|
| 610 |
1 |
|
|a разработчики
|
| 610 |
1 |
|
|a размол
|
| 610 |
1 |
|
|a сортирование
|
| 610 |
1 |
|
|a очистка
|
| 610 |
1 |
|
|a сгущение
|
| 610 |
1 |
|
|a перемешивание
|
| 610 |
1 |
|
|a целлюлоза
|
| 610 |
1 |
|
|a картон
|
| 610 |
1 |
|
|a товарная масса
|
| 675 |
|
|
|a 676(085)
|v 3
|
| 702 |
|
1 |
|a Махов
|b Л. И.
|4 220
|
| 702 |
|
1 |
|a Кондратьев
|b А. И.
|4 220
|
| 702 |
|
1 |
|a Саламатова
|b Н. Н.
|4 220
|
| 712 |
0 |
2 |
|a Центральный институт научно-технической информации и технико-экономических исследований по химическому и нефтяному машиностроению (ЦИНТИХИМНЕФТЕМАШ)
|2 stltpush
|3 (RuTPU)RU\TPU\col\10810
|
| 801 |
|
1 |
|a RU
|b 63413507
|c 20080128
|g PSBO
|
| 801 |
|
2 |
|a RU
|b 63413507
|c 20080128
|g PSBO
|
| 942 |
|
|
|c BK
|